Journal of Sustainability Research

Gespeichert in:
Bibliographische Detailangaben
Format: Schriftenreihe
Sprache:Englisch
Veröffentlicht: [London] Hapres
Tags: Tag hinzufügen
Keine Tags, Fügen Sie das erste Tag hinzu!

MARC

LEADER 00000nls a2200000 4500
001 0313800
005 20260107090255.6
022 |a 2632-6582 
041 0 |a eng 
044 |a GB 
245 1 0 |a Journal of Sustainability Research 
264 1 |a [London]  |b Hapres